Normal view
MARC view
- Capt Saad Ur Rehman
Entry Personal Name
001 - CONTROL NUMBER
- control field: 36171
003 - CONTROL NUMBER IDENTIFIER
- control field: NUST
005 - DATE AND TIME OF LATEST TRANSACTION
- control field: 20210312152112.0
008 - FIXED-LENGTH DATA ELEMENTS
- fixed length control field: 210312|| aca||aabn | a|a d
040 ## - CATALOGING SOURCE
- Original cataloging agency: NUST
- Transcribing agency: NUST
100 ## - HEADING--PERSONAL NAME
- Personal name: Capt Saad Ur Rehman
670 ## - SOURCE DATA FOUND
- Source citation: Work cat.: (NUST)15130: Capt Saad Shahbaz 36169, Use of Nanoparticle Titanium Dioxide (TIO2) in Seepage Control, 2020.
